|
|
|
|
| LEADER |
00000nas a2200000 a 4500 |
| 001 |
ssj0002607 |
| 003 |
WaSeSS |
| 005 |
20200512172242.0 |
| 006 |
m d |
| 007 |
cr n |
| 008 |
000316c19519999hiuqr p s o 0 a0eng c |
| 010 |
|
|
|a 00214400
|
| 016 |
7 |
|
|a 2066890-9
|2 DE-600
|
| 022 |
|
|
|a 1529-1898
|y 0031-8221
|
| 035 |
|
|
|a (WaSeSS)ssj0002607
|
| 037 |
|
|
|b University of Hawaii Press, 2840 Kolowalu Street, Honolulu, HI 96822
|
| 040 |
|
|
|a NSD
|b eng
|c NSD
|d MYG
|d OCLCQ
|d F#A
|d EYM
|d OCL
|d OCLCQ
|d DLC
|d OCLCO
|d OCLCF
|d OCLCO
|d OCLCQ
|d DEBBG
|d DEFHM
|d OCLCO
|d WT2
|d GILDS
|d OCLCO
|d OCLCQ
|d OCLCO
|d AU@
|d OCLCO
|d VT2
|d NJT
|d OCLCQ
|d OCLCO
|d WaSeSS
|
| 042 |
|
|
|a pcc
|a nsdp
|
| 050 |
1 |
4 |
|a B1
|b .P573
|
| 082 |
0 |
0 |
|a 100
|2 23
|
| 222 |
|
0 |
|a Philosophy East and West
|b (Online)
|
| 245 |
0 |
0 |
|a Philosophy East and West
|h [electronic resource].
|
| 246 |
3 |
|
|a Philosophy East & West
|
| 260 |
|
|
|a Honolulu :
|b University of Hawaii Press,
|c 1951-
|
| 310 |
|
|
|a Quarterly
|
| 362 |
0 |
|
|a Vol. 1, no. 1 (Apr. 1951)-
|
| 500 |
|
|
|a Title from title screen (JSTOR, viewed June 8, 2005).
|
| 506 |
|
|
|a License restrictions may limit access.
|
| 538 |
|
|
|a Mode of access: World Wide Web.
|
| 588 |
1 |
|
|a Vol. 62, No. 4 (Oct. 2012) (JSTOR website, viewed July 02, 2013).
|
| 650 |
|
0 |
|a Philosophy
|v Periodicals.
|
| 650 |
|
0 |
|a Philosophy, Asian
|v Periodicals.
|
| 650 |
|
7 |
|a Philosophy.
|2 fast
|0 (OCoLC)fst01060777
|
| 650 |
|
7 |
|a Philosophy, Asian.
|2 fast
|0 (OCoLC)fst01060880
|
| 650 |
|
7 |
|a Östliche Philosophie
|2 gnd
|
| 650 |
|
7 |
|a Vergleichende Philosophie
|2 gnd
|
| 655 |
|
0 |
|a Electronic journals.
|
| 776 |
1 |
|
|t Philosophy East & West
|x 0031-8221
|w (DLC) 53016276
|w (OCoLC)1485347
|
| 856 |
4 |
0 |
|z Full text available from Research Library: 10/01/1997 to 1 year ago
|u https://search.proquest.com/publication/48336
|